Đàm thoại tiếng Anh trình độ nâng cao

Guardat en:
Dades bibliogràfiques
Format: Llibre
Idioma:Undetermined
Publicat: Thành phố Hồ Chí Minh Nhà xuất bản Thành phố Hồ Chí Minh 2004
Matèries:
Etiquetes: Afegir etiqueta
Sense etiquetes, Sigues el primer a etiquetar aquest registre!
Thư viện lưu trữ: Trung tâm Học liệu Trường Đại học Cần Thơ
LEADER 00592nam a2200181Ia 4500
001 CTU_60357
008 210402s9999 xx 000 0 und d
082 |a 428.34 
082 |b Đ104 
245 0 |a Đàm thoại tiếng Anh trình độ nâng cao 
245 0 |c Nguyễn Thành Yến biên dịch 
260 |a Thành phố Hồ Chí Minh 
260 |b Nhà xuất bản Thành phố Hồ Chí Minh 
260 |c 2004 
650 |a English language 
650 |x Spoken english 
904 |i Minh, Năm 
980 |a Trung tâm Học liệu Trường Đại học Cần Thơ